=LDR 00000nam 2200000 4500 =001 INLIS000000000030368 =005 20130612132523 =008 ***********************************ind** =035 ##$$0010-061300000030368 =041 ##$$a ind =082 ##$$a 641.3 =090 ##$$a 641.3, END m =100 ##$$a Endang S =245 ##$$a Masakan khas nasional dan manca negara, Endang S =260 ##$$a 1997 $b Solo =300 ##$$a 92 hlm., ilus., 21 cm =650 ##$$a Menu Masakan =850 ##$$a NBPNMAT